| 000 | 00611nam a2200193 u 4500 | ||
|---|---|---|---|
| 005 | 20241017063706.0 | ||
| 008 | 190911s2008 r 000 0 eng d | ||
| 035 | _aUPN01000232813 | ||
| 049 | _aSEP | ||
| 050 | 4 |
_aL227 D3.1 _bB4.64 |
|
| 110 | 1 |
_aMéxico. _bSubsecretaría de Educación Básica _932706 |
|
| 245 | 1 | 0 |
_aPrograma integral de formación cívica y ética / _cSubsecretaría de Educación Básica. |
| 260 |
_aMéxico : _bSEP, _c2008. |
||
| 300 | _a190 p. | ||
| 650 | 2 |
_aCivismo _vPlanes y programas _97278 |
|
| 650 | 4 |
_aETICA - _vPLANES Y PROGRAMAS _921381 |
|
| 905 | _aLibro | ||
| 999 |
_c204908 _d204908 |
||